| 000 | 00397 a2200145 4500 | ||
|---|---|---|---|
| 001 | 92580 | ||
| 020 | _a978-1-4665-7830-2 | ||
| 082 | _a532/AND | ||
| 090 |
_c44514 _d44515 |
||
| 100 | _aDale A. Anderson, Richard H. Pletcher, John C. Tannehill | ||
| 245 | _aComputational Fluid Mechanics and Heat Transfer 3e | ||
| 250 | _a3 | ||
| 260 |
_aBoca Raton _bCRC Press _c2013 |
||
| 300 | _axx,740p. | ||
| 942 |
_aCAE NUST _cAE _k532/AND |
||
| 999 |
_c327653 _d327653 |
||